| 000 | 00546nam a2200229Ia 4500 | ||
|---|---|---|---|
| 003 | OSt | ||
| 005 | 20231007092251.0 | ||
| 008 | 210210b1945 xxu||||| |||| 00| 0 eng d | ||
| 040 | _cAL | ||
| 041 | _aeng | ||
| 082 | _a829/371 | ||
| 100 |
_aELIOT (George) _9136553 |
||
| 245 | _aMill on the floss | ||
| 260 |
_aLondon _bOxford University Press _c1945 |
||
| 650 |
_athe _9136554 |
||
| 650 |
_aon _9136555 |
||
| 650 |
_aMill _9136556 |
||
| 650 |
_afloss _9136557 |
||
| 690 |
_aEnglish Fiction _9136558 |
||
| 906 | _a016975 | ||
| 942 |
_2ddc _cBK |
||
| 999 |
_c136935 _d136935 |
||